=LDR 00000nam 2200000 4500 =001 INLIS000000000012898 =005 20241017013135 =035 ##$$a 0010-0924000061 =007 ta =008 241017###########################0###### =082 ##$$a 650.28 =084 ##$$a 650.28 ALI p =100 1#$$a ALI, Tubagus Haedar =245 1#$$a Prinsip-Prinsip Network Planning /$c Tubagus Haedar Ali =250 ##$$a Cet. 5 =260 ##$$a Jakarta :$b PT. Gramedia Pustaka Utama,$c 1995 =300 ##$$a vii + 208 : $b Tabel;Gambar ; $c 21 x 27,5 cm.$e Bibliografi =500 ##$$a Buku ini disusun, selain berdasarkan beberapa literatur, juga terutama berdasarkan pengalaman mengajar, memberi ceramah, membuat case study dan memakai network planning pada penyelenggaraan beberapa proyek. =650 #4$$a Perencanaan =650 #4$$a Network =856 ##$$a OPAC (Rak Tandon - Rak 10.3) =990 ##$$a 479/P-98 =990 ##$$a 487/P-98 =990 ##$$a 477/P-98 =990 ##$$a 223/P-97 =990 ##$$a 221/P-97 =990 ##$$a 481/P-98 =990 ##$$a 586/P-98 =990 ##$$a 585/P-98 =990 ##$$a 584/P-98 =990 ##$$a 185/P-97